LEADER 00550nab a2200145 i 4500 001 000000310007 003 CaOOAMICUS 005 20180831173005.0 008 180831n xx uu u0 0und r 013 $a19101 040 $aSeMil$bita 100 1 $aNicora, Luigi,$c.$0(OLS)http://semarc/name/61485 245 12$aL?incredulità storica dei tedeschi. Panegirico del Sig. G. Negri. 773 0 $t[Luglio-Dicembre].$g319-336$w()273973 996 $6245$aL?incredulità storica dei tedeschi. Panegirico del Sig. G. Negri$9(OLS)http://semarc/title/384950 LEADER 01855nam a2200277 4500 001 000000361929 003 CaOOAMICUS 005 20250305100541.0 008 250305s19621963gw 000 u ger r 040 $aSeMil$bita 100 1 $aZinzendorf, Nikolaus Ludwig : von,$d<1700-1760>.$0(OLS)http://semarc/name/22168 245 10$aHauptschriften :$bin sechs Bänden /$cNikolaus Ludwig von Zinzendorf ; heraugegeben von von Erich Beyreuther und Gerhard Meyer. 264 1$aHildesheim :$bGeorg Olms,$c1962-1963. 300 $a6 v. ;$c18 cm 500 $aFotomechan. Nachdr. der Ausg. 1732-1766 700 1 $aMeyer, Gerhard Hermann Moritz.$0(OLS)http://semarc/name/121607 700 1 $aBeyreuther, Erich,$d<1904-2003>.$0(OLS)http://semarc/name/31338 774 0 $aZinzendorf, Nikolaus Ludwig : von <1700-1760>$t1: Schriften des juengeren Zinzendorf.$dHildesheim : Georg Olms, 1962.$w()361930 774 0 $aZinzendorf, Nikolaus Ludwig : von <1700-1760>$t2: Reden in und von Amerika.$dHildesheim : Georg Olms, 1963.$w()361933 774 0 $aZinzendorf, Nikolaus Ludwig : von <1700-1760>$t3: Reden während der Sichtungszeit in der Wetterau und in Holland.$dHildesheim : Georg Olms, 1963.$w()361934 774 0 $aZinzendorf, Nikolaus Ludwig : von <1700-1760>$t4: Gemeinreden : der öffentlichen Gemeinreden im Jahr 1747, erster und zweiter Teil, Ausgabe 1748/49.$dHildesheim : Georg Olms, 1963.$w()361935 774 0 $aZinzendorf, Nikolaus Ludwig : von <1700-1760>$t5: Londoner Predigten.$dHildesheim : Georg Olms, 1963.$w()361936 774 0 $aZinzendorf, Nikolaus Ludwig : von <1700-1760>$t6: Verschiedene Schriften.$dHildesheim : Georg Olms, 1963.$w()361937 996 $6245$aHauptschriften :$bin sechs Bänden$9(OLS)http://semarc/title/452779 996 $6264$aHildesheim :$bGeorg Olms$9(OLS)http://semarc/publisher/34970